000 01420nam a2200325 4500
001 0000018092
003 CO-CtgCURN
005 20250517161250.0
007 ta
008 160627s1998 000 0 eng d
020 _a8474325331
040 _aCO-CtgCURN
_bspa
_ccoctgcurn
082 0 _a401.9
_bC171
245 0 0 _aCaperucita roja aprende a escribir :
_bestudios psicolinguisticos comparativos en tres lenguas /
_cEmilia Ferreiro ... [et al.].
250 _a2a ed.
260 _aBarcelona :
_bGedisa,
_c1998.
300 _a269 p. + Disquete programa Textus.
336 _2rdacontent
337 _2rdamedia
_asin mediacion
_bn
338 _2rdacarrier
_avolumen
_bnc
490 1 _aColección LEA ;
_v10
500 _aIncluye apendice del capitulo 6: Guia de referencia rapida para el uso del sistema textus.
504 _aBibliografia (p. 265-269)
505 8 _aLengua escrita e Investigación comparativa.--Los limites entre las palabras.--Chapeuzinho/Cappuccetto: variaciones graficas y norma ortografica.--Los limites del discurso: puntuacion y organizacion textual.--Las repeticiones y sus funciones en la evolucion de la construcción textual.--El sistema textus
650 1 4 _aCaperucita roja
_vTraducciones
_xEstudios comparados.
700 1 _aFerreiro, Emilia.
908 _a160627
942 _cBK
_h401.9
_iC171
_2ddc
_n0
999 _c2620
_d2620